"Planning:delivering a fundamental change" - the TCPA's response (Record no. 70397)

MARC details
000 -LEADER
fixed length control field 00946cam a2200205 4500
001 - CONTROL NUMBER
control field ABS65549
008 - FIXED-LENGTH DATA ELEMENTS--GENERAL INFORMATION
fixed length control field 020530n2002 000 0 eng u
035 ## - SYSTEM CONTROL NUMBER
System control number (Sirsi) u118232
110 ## - MAIN ENTRY--CORPORATE NAME
Corporate name or jurisdiction name as entry element Town and Country Planning Association
9 (RLIN) 3022
245 ## - TITLE STATEMENT
Title "Planning:delivering a fundamental change" - the TCPA's response
260 ## - PUBLICATION, DISTRIBUTION, ETC.
Date of publication, distribution, etc. 2002
490 ## - SERIES STATEMENT
Series statement Town & Country Planning
Volume/sequential designation 71(4) April 2002, 101-104(4)
520 ## - SUMMARY, ETC.
Summary, etc. The TCPA has welcomed the Green Paper's analysis of the planning system. Using material from the TCPA's supporting text to the consultation questionnaire, the article sets out the TCPA's proposals for speeding up and reforming a slow and socially exclusive planning system and discusses government's proposals in the Green Paper.
590 ## - LOCAL NOTE (RLIN)
Local note ABS
650 ## - SUBJECT ADDED ENTRY--TOPICAL TERM
Topical term or geographic name entry element PLANNING SYSTEM
650 ## - SUBJECT ADDED ENTRY--TOPICAL TERM
Topical term or geographic name entry element PLANNING REFORM
650 ## - SUBJECT ADDED ENTRY--TOPICAL TERM
Topical term or geographic name entry element GREEN PAPERS
690 ## - LOCAL SUBJECT ADDED ENTRY--TOPICAL TERM (OCLC, RLIN)
Topical term or geographic name as entry element ENVIRONMENTAL AND LAND CONSULTANCY-PLANNING AND DEVELOPMENT
942 ## - ADDED ENTRY ELEMENTS (KOHA)
Suppress in OPAC 0
Holdings
Withdrawn status Lost status Source of classification or shelving scheme Damaged status Not for loan Home library Current library Shelving location Date acquired Total Checkouts Full call number Barcode Date last seen Copy number Price effective from Koha item type
    Dewey Decimal Classification     London London Journal article 30/05/2002   ABS65549 118232-1001 06/08/2019 1 06/08/2019 Journal article